000
00332 a2200109 4500
001
ART_2212
005
20260410161723.0
008
260409a
245
1
0
_a
Contabilidad y auditoría
100
1
_a
García, Sergio O.
773
0
_t
Administración de empresas
_g
- Año XVIII, Nº 215/216 (feb./mar. 1988)
_w
REV2036
999
_c
17185
_d
17185